000 00386nam a2200145 i 4500
001 46246
003 ES-MaACL
007 t|
008 030328m18761879sp ||||1| spa d
245 0 0 _aCompilación Legislativa de Instrucción Pública...
250 _aed. oficial.
260 _aMadrid :
_b[s.n.,
_c1876-79] (
_fFortanet)
300 _a3 v. ;
_c29 cm.
852 _aES-MaACL
_jB-8917-19
999 _c46246
_d46246